000 00750nam a2200289Ia 4500
001 13667
003 IT-RoPAU
008 130308s9999 xx 000 0 und d
040 _aIT-RoPAU
040 _cIT-RoPAU
041 _aITALIANO
100 _aLivolsi Marino
100 _gCodice Aut. SPICS: 4579
245 _aInterviste non-direttive (Le)
245 _bRicerche motivazionali (Le)
250 _a1a ed.
260 _aMILANO
260 _bEtas Libri/Kompass
260 _c1967 [1° Ed.:1967 - Ed.Ling.Originale:1967]
300 _a"31 p. (prefazione: no ; testo: 31 [pagine: 199-229])"
650 _aSAGGI SUL MARKETING
650 _eCodice materia Spics: 6461
942 _cBK
957 _71
999 _c49149
_d49149
999 _bSI
999 _g1